000 00621nam a2200277Ia 4500
005 20260320195913.0
008 008 262003s9999 xx 000 0 hin d
020 _a9788190270946
037 _aEBOOK
040 _aCRL
040 _bhin
040 _cCRL
041 _2hin
041 _ahin
084 _qCRL
100 _aप्रेमचंद
245 0 _aसुजान भगत
250 _a1st
260 _bRajkamal
260 _c2011
300 _a16
856 _uhttps://ebook.indiaread.in/pdfs/sujan_bhagat.pdf
942 _cEBOOK
999 _c1717104
_d1717104